000 00826nas a2200289 4500
001 BR9705201
003 BR-BrBNA
005 20231205100618.0
007 ta
008 230509b bl.|||p| |||| 00| 00por d
040 _aBR-BrBNA
_bpor
_cBiblioteca Nacional de Agricultura
041 _a(Pt)
072 _aP33; H60
100 1 _aPires, N. de M.
100 1 _aSilva, J.F. da
100 1 _aSilva, J.B. da
100 1 _aFerreira, L.R.
100 1 _aCardoso, A.A.
245 1 _aAdsorcao e lixiviacao de trifluralin e imazaquin em diferentes solos
650 _aSolo
650 _aAdsorcao
650 _aLixiviacao
650 _aHerbicida
773 0 _tRevista Ceres (Brazil)
_xISSN 0034-737X
_g(May-Jun 1997), v. 44(253) p. 300-314
_wBR9705201
909 _a202311
_bLúcia
_c55
_dLúcia Elande
942 _2AGRIS
_n0
_cANA
999 _c157003
_d157003